Artículos y novelas / (Record no. 163828)

MARC details
000 -LEADER
campo de control de longitud fija 00879nam a22002295i 4500
001 - NÚMERO DE CONTROL
campo de control 163828
003 - IDENTIFICADOR DE NÚMERO DE CONTROL
campo de control ES-MaACL
005 - FECHA Y HORA DE LA ÚLTIMA TRANSACCIÓN
campo de control 20250821112438.0
008 - DATOS DE LONGITUD FIJA--INFORMACIÓN GENERAL
campo de control de longitud fija 950206s1889 sp a |||| | spa d
040 ## - FUENTE DE CATALOGACIÓN
Centro catalogador/agencia de origen GA
100 1# - ENTRADA PRINCIPAL--NOMBRE DE PERSONA
Nombre de persona Rodríguez Seoane, José.
9 (RLIN) 98820
245 10 - MENCIÓN DEL TÍTULO
Título Artículos y novelas /
Mención de responsabilidad, etc. J. Rodríguez Seoane.
260 ## - PUBLICACIÓN, DISTRIBUCIÓN, ETC.
Lugar de publicación, distribución, etc. La Coruña :
Nombre del editor, distribuidor, etc. Andrés Martínez,
Fecha de publicación, distribución, etc. 1889 (
Fabricante La Comercial, estab. tip. de la Papelería de Ferrer)
300 ## - DESCRIPCIÓN FÍSICA
Extensión XXVI, 404 p., [1] h. de lám. ;
Dimensiones 20 cm.
490 1# - MENCIÓN DE SERIE
Mención de serie Biblioteca gallega ;
Designación de volumen o secuencia 21
594 ## - Nota al título y mención de responsabilidad
Nota al título y mención de responsabilidad En cub.: Con un prólogo del Sr. D. Luis Rodriguez Seoane.
599 ## - NOTA A LAS ILUSTRACIONES
NOTA A LAS ILUSTRACIONES La h. de lám. es un fotograbado: "E. Mayer", retrato del autor.
700 0# - ENTRADA AGREGADA--NOMBRE PERSONAL
Nombre de persona Rodríguez Seoane, Luis,
Fechas asociadas al nombre 1836-1902
9 (RLIN) 98821
830 0# - PUNTO DE ACCESO ADICIONAL DE SERIE-TÍTULO UNIFORME
Título uniforme Biblioteca gallega ;
Designación de volumen o secuencia 21
9 (RLIN) 180864
852 ## - LOCALIZACIÓN
Ubicación ES-MaACL
Número de control de estantería G-9219
Nota libre -- Enc. pasta española
Holdings
Estatus retirado Estado de pérdida Estado de daño No para préstamo Colección Biblioteca de origen Biblioteca actual Ubicación en estantería Fecha de adquisición Fuente de adquisición Total de préstamos Signatura topográfica completa Código de barras Visto por última vez Precio de reemplazo Tipo de ítem Koha
        Libros del s. XIX Biblioteca del Ateneo de Madrid Biblioteca del Ateneo de Madrid Sala Pecera Planta 3 17/01/2008     G-9219 1171691 23/02/2023 23/02/2023 Libro impreso antiguo